| 000 | 01092nam a22003257a 4500 | ||
|---|---|---|---|
| 001 | BR0901881 | ||
| 003 | BR-BrBNA | ||
| 005 | 20230928102901.0 | ||
| 007 | ta | ||
| 008 | 230509b bl.||||| |||| 00| 0 por d | ||
| 040 |
_aBR-BrBNA _bpor _cBiblioteca Nacional de Agricultura |
||
| 041 | _a(Por) | ||
| 072 |
_aE21; E16; E14 _b0230 |
||
| 090 | _ 0230 BR0901881 | ||
| 110 | 1 |
_aInstituto Euvaldo Lodi, Brasília, DF (Brasil) _96341 |
|
| 110 | 1 | _aServiço Brasileiro de Apoio às Micro e Pequenas Empresas, Brasília, DF (Brasil) | |
| 245 | 1 | _aO novo ciclo da cana: estudo sobre a competitividade do sistema agroindústrial da cana-de-açúcar e prospecção de novos empreendimentos | |
| 260 | 3 |
_aBrasília, DF (Brasil): _c2005. |
|
| 300 | _a337 p. | ||
| 500 | _aBibliography p. 321-337 | ||
| 650 | _aCANA DE AÇÚCAR | ||
| 650 | _aINDÚSTRIA AGRÍCOLA | ||
| 650 | _aESTATÍSTICA DE PRODUÇÃO | ||
| 650 | _aPRODUTIVIDADE | ||
| 650 | _aIMPORTAÇÃO | ||
| 650 | _aEXPORTAÇÃO | ||
| 650 | _aTRANSFERÊNCIA DE TECNOLOGIA | ||
| 909 |
_a202309 _bLucia _c55 _dLucia Elande |
||
| 942 | _cBK | ||
| 999 |
_c72838 _d72838 |
||